000
00250 a2200097 4500
001
41796
100
_a
Compton's
245
_a
Compton's Pictured Encyclopedia & Fact Index (Vol-III)
260
_a
Chicago
_b
F E Compton & Co.
_c
090
_c
25907
_d
25907
942
_a
NUST-CAE
_c
M
_c
17677
999
_c
276869
_d
276869